Europe Geography Decoder - Statistics

General Stats
  • This quiz has been taken 70,391 times
  • The average score is 15 of 22
Answer Stats
Clue Answer % Correct
N Inaccurately called Holland Netherlands
95%
T London's main river Thames
95%
R This city contains the Vatican Rome
90%
E Northernmost Baltic state Estonia
87%
O Annual celebration in Munich Oktoberfest
86%
P City where the Mona Lisa resides Paris
86%
A Mountain range spanning 7 countries Alps
83%
G UK territory bordering Spain Gibraltar
81%
O Third biggest Nordic city Oslo
80%
I Biggest city on the border of Europe and Asia Istanbul
79%
H South Holland capital (The ... ) Hague
78%
F Germany's financial capital Frankfurt
75%
A Landlocked Pyrenees country Andorra
73%
E Sicily stratovolcano: Mount ___ Etna
70%
N City between Cannes and Monaco Nice
69%
L Doubly-landlocked country Liechtenstein
63%
W "Cymru" in its native language Wales
57%
I "Capital" of the Scottish highlands Inverness
44%
T Greece's 2nd biggest city Thessaloniki
44%
Final European Location The Leaning Tower of Pisa
40%
S 26-country area with no border controls Schengen
38%
E River of Hamburg and Dresden Elbe
35%
No matching quizzes found
Score Distribution
Percent of People with Each Score
Percentile by Number Answered
Your Score History
You have not taken this quiz